Lucifer Characters - Statistics

General Stats
  • This quiz has been taken 751 times
  • The average score is 12 of 16
Answer Stats
Hint Answer % Correct
The Devil himself, owns a nightclub Lucifer Morningstar
99%
Detective at the LAPD at partner of the above Chloe Decker
97%
Demon from Hell now hunts bounty's Mazikeen Smith
95%
Detective at the LAPD known as 'Douche' Dan Espinoza
94%
The first woman on earth Eve
90%
Therapist and mother of an angel child Linda Martin
90%
Brother of devil who loses his powers but later regained them Amenadiel
89%
Daughter of the Detectives, loves chocolate cake Trixie Decker
89%
Went to Hell when the Godess took over her body Charlotte Richards
84%
The worlds first murderer and police luitenent Marcus Pierce
84%
Forensics worker at the LAPD Ella Lopez
82%
Angel who can manipulate the actions of humans Uriel
61%
Pastor who wants to send the Devil back to Hell Father Kinley
53%
Kidnapped the Devil and left him in the dessert the Sinnerman
52%
Angel that was sent to find the angel child Remiel
41%
Angel of Death Azreal
37%
No matching quizzes found
Score Distribution
Percent of People with Each Score
Percentile by Number Answered
Your Score History
You have not taken this quiz